Normal view MARC view

Entry Personal Name

Number of records used in: 2

001 - CONTROL NUMBER

  • control field: 166692

003 - CONTROL NUMBER IDENTIFIER

  • control field: OSt

005 - DATE AND TIME OF LATEST TRANSACTION

  • control field: 20220923222312.0

008 - FIXED-LENGTH DATA ELEMENTS

  • fixed length control field: 220923|| aca||aabn | a|a d

040 ## - CATALOGING SOURCE

  • Original cataloging agency: OSt
  • Transcribing agency: OSt

100 ## - HEADING--PERSONAL NAME

  • Personal name: सांवत, शिवाजी; ओम शिवराज, अनु

670 ## - SOURCE DATA FOUND

  • Source citation: Work cat.: (OSt)355150: सांवत, शिवाजी; ओम शिवराज, अनु., मृत्युंजय, 1980
Copyright @ Delhi University Library System